| 000 | 00719nam a2200253Ia 4500 | ||
|---|---|---|---|
| 003 | OSt | ||
| 005 | 20220928103906.0 | ||
| 006 | a|||||r|||| 00| 0 | ||
| 007 | ta | ||
| 008 | 220927b |||||||| |||| 00| 0 hin d | ||
| 020 | _c1000 | ||
| 024 | _a129746 | ||
| 037 |
_b227A, 18/11/2015, Eastern Book Linkers _cTextual |
||
| 040 |
_aSDCL _cSDCL _bhin |
||
| 041 |
_2hin _ahin |
||
| 082 | _aBOaQ1, Q5 | ||
| 100 |
_aKumari Paarul _9407491 |
||
| 245 | 0 | _aVedic ganit evam vigyan | |
| 260 |
_aDelhi _bAbhay Publications _c2015 |
||
| 300 |
_a248p _ccm. |
||
| 650 |
_aSanskrit _9391587 |
||
| 942 |
_hBOaQ1, Q5 _cTEXL _2CC |
||
| 999 |
_c723007 _d723007 |
||